Welcome to CU Library Online Public Access Catalogue (OPAC)

THEOLOGICAL DICTIONARY OF THE NEW TESTAMENT (Record no. 7205)

MARC details
000 -LEADER
fixed length control field 00603nam a2200193 4500
001 - CONTROL NUMBER
control field FRBNF37624795000000X
003 - CONTROL NUMBER IDENTIFIER
control field http://catalogue.bnf.fr/ark:/12148/cb376247956
005 - DATE AND TIME OF LATEST TRANSACTION
control field 20250728182238.0
008 - FIXED-LENGTH DATA ELEMENTS--GENERAL INFORMATION
fixed length control field kl
020 ## - INTERNATIONAL STANDARD BOOK NUMBER
International Standard Book Number 0802822487
050 ## - LIBRARY OF CONGRESS CALL NUMBER
Classification number PA 881
Item number THE
100 ## - MAIN ENTRY--PERSONAL NAME
Personal name 20001128d1995 m y0frey50 ba
245 ## - TITLE STATEMENT
Title THEOLOGICAL DICTIONARY OF THE NEW TESTAMENT
Statement of responsibility, etc. GERHARD KITTEL & GERHARD FRIEDRICH
260 ## - PUBLICATION, DISTRIBUTION, ETC.
Place of publication, distribution, etc. MICHIGAN
Name of publisher, distributor, etc. WM.B. EERDMANS
Date of publication, distribution, etc. c1999
300 ## - PHYSICAL DESCRIPTION
Extent Éd. intellectuel à partir du vol. 5 : Gerhard Friedrich
300 ## - PHYSICAL DESCRIPTION
Extent xvi,1003p.;
300 ## - PHYSICAL DESCRIPTION
Extent Notes bibliogr.
942 ## - ADDED ENTRY ELEMENTS (KOHA)
Source of classification or shelving scheme Library of Congress Classification
Koha item type Reference
Suppress in OPAC No
999 ## -
-- 7205
-- 7205
Holdings
Withdrawn status Lost status Source of classification or shelving scheme Damaged status Not for loan Collection Home library Current library Shelving location Date acquired Total checkouts Full call number Barcode Date last seen Copy number Price effective from Koha item type
    Library of Congress Classification     Reference Undergraduate Library (Christ Temple) Undergraduate Library (Christ Temple) General stacks 07/28/2025   BS 2312 KIT ulct00004213 07/28/2025 1 07/28/2025 Reference
    Library of Congress Classification     Reference Undergraduate Library (Christ Temple) Undergraduate Library (Christ Temple) General stacks 07/28/2025   BS 2312 KIT ulct00004214 07/28/2025 2 07/28/2025 Reference
    Library of Congress Classification     Reference Undergraduate Library (Christ Temple) Undergraduate Library (Christ Temple) General stacks 07/28/2025   BS 2312 KIT ulct00004215 07/28/2025 3 07/28/2025 Reference
    Library of Congress Classification     Reference Undergraduate Library (Christ Temple) Undergraduate Library (Christ Temple) General stacks 07/28/2025   BS 2312 KIT ulct00004216 07/28/2025 4 07/28/2025 Reference
    Library of Congress Classification     Reference Undergraduate Library (Christ Temple) Undergraduate Library (Christ Temple) General stacks 07/28/2025   BS 2312 KIT ulct00004217 07/28/2025 5 07/28/2025 Reference
    Library of Congress Classification     Reference Undergraduate Library (Christ Temple) Undergraduate Library (Christ Temple) General stacks 07/28/2025   BS 2312 KIT ulct00004218 07/28/2025 6 07/28/2025 Reference
    Library of Congress Classification     Reference Undergraduate Library (Christ Temple) Undergraduate Library (Christ Temple) General stacks 07/28/2025   BS 2312 KIT ulct00004219 07/28/2025 7 07/28/2025 Reference
    Library of Congress Classification     Reference Undergraduate Library (Christ Temple) Undergraduate Library (Christ Temple) General stacks 07/28/2025   BS 2312 KIT ulct00004220 07/28/2025 8 07/28/2025 Reference
    Library of Congress Classification     Reference Undergraduate Library (Christ Temple) Undergraduate Library (Christ Temple) General stacks 07/28/2025   BS 2312 KIT ulct00004221 07/28/2025 9 07/28/2025 Reference
    Library of Congress Classification     Reference Undergraduate Library (Christ Temple) Undergraduate Library (Christ Temple) General stacks 07/28/2025   BS 2312 KIT ulct00004222 07/28/2025 10 07/28/2025 Reference
    Library of Congress Classification     Reference Undergraduate Library (Christ Temple) Undergraduate Library (Christ Temple) General stacks 07/28/2025   BS 2312 KIT ulct00004223 07/28/2025 11 07/28/2025 Reference
    Library of Congress Classification     Reference Undergraduate Library (Christ Temple) Undergraduate Library (Christ Temple) General stacks 07/28/2025   BS 2312 KIT ulct00004224 07/28/2025 12 07/28/2025 Reference
© 2023-2024 Copyright: Central University Libraries. All Rights Reserved | Created by: Mahone Tech Office